| 000 | 00447nam a2200157 i 4500 | ||
|---|---|---|---|
| 001 | 76626 | ||
| 003 | ES-MaACL | ||
| 005 | 20230906172912.0 | ||
| 007 | t| | ||
| 008 | 041004s1931 fr ||||1| fre d | ||
| 100 | 1 |
_aGuillaume, Paul. _960731 |
|
| 245 | 1 | 0 |
_aManuel de philosophie _b: ; Psychologie / _cpar Paul Guillaume. |
| 260 |
_aParis : _b[Presses Universitaires de France], _c1931. |
||
| 300 |
_a388 p. ; _c22 cm. |
||
| 852 |
_aES-MaACL _jA-249 |
||
| 999 |
_c76626 _d76626 |
||